Madden 16 Top Offensive Players - Statistics

General Stats
  • This quiz has been taken 925 times
    780 since last reset
  • The average score is 11 of 20
Answer Stats
Rating Answer % Correct
97 Tom Brady
97%
99 Rob Gronkowski
84%
99 Aaron Rodgers
82%
97 Antonio Brown
73%
95 Adrian Peterson
68%
95 Drew Brees
65%
94 Odell Beckham Jr
64%
94 Julio Jones
63%
95 Ben Roethlisberger
59%
95 Calvin Johnson
58%
94 Le'Veon Bell
58%
96 Marshawn Lynch
46%
91 Travis Kelce
46%
95 Jimmy Graham
42%
94 Andrew Luck
38%
94 Jamaal Charles
38%
92 Greg Olsen
34%
94 DeMarco Murray
30%
96 Dez Bryant
30%
93 Jason Witten
28%
No matching quizzes found
Score Distribution
Percent of People with Each Score
Percentile by Number Answered
Your Score History
You have not taken this quiz since the last reset